000 00868nam a2200217 a 4500
001 000030586
003 OSt
005 20250409135219.0
008 110524s1944 dr r 000 0 spa d
040 _aDO-SdBNP
_bspa
_cBNPHU
082 _a972.9304
_bT852b
100 1 _aTroncoso de la Concha, M. de J.
_d1878-1955.
_914534
_q(Manuel de Jesús)
245 1 3 _aEl brigadier don Juan Sánchez Ramírez :
_bpanegírico leído por su autor en el acto de la glorificación de este prócer el 7 de noviembre de 1944 /
_cM. de J. Troncoso de la Concha.
260 _aCiudad Trujillo, República Dominicana :
_bEditorial La Nación,
_c1944.
300 _a18 p. ;
_c22 cm.
590 _aInventariado,. 2020/VM
600 1 4 _aSánchez Ramírez, Juan 1762-1811 .
_d1762-1811 .
_977452
651 4 _aRepública Dominicana
_x Historia
_9170
910 _aVMateo
942 _2ddc
_cLBS1
999 _c30078
_d30078